Central Library OPAC University of Rajshahi
Normal view MARC view

Entry Topical Term

Number of records used in: 1

001 - CONTROL NUMBER

  • control field: 6780

003 - CONTROL NUMBER IDENTIFIER

  • control field: BD-RjUL

005 - DATE AND TIME OF LATEST TRANSACTION

  • control field: 20230131131416.0

008 - FIXED-LENGTH DATA ELEMENTS

  • fixed length control field: 230131|| aca||aabn | a|a d

040 ## - CATALOGING SOURCE

  • Original cataloging agency: BD-RjUL
  • Transcribing agency: BD-RjUL

150 ## - HEADING--TOPICAL TERM

  • Topical term or geographic name entry element: নারী
  • General subdivision: শিক্ষা
  • Geographic subdivision: বাংলাদেশে
  • Chronological subdivision: ১৯৪৭-২০০০ খ্রিষ্টাব্দ

670 ## - SOURCE DATA FOUND

  • Source citation: Work cat.: (BD-RjUL)80043: নার্গীস, মোছা. খাদিজা 3898, বাংলাদেশে নারী শিক্ষা, ১৯৪৭-২০০০ :, ২০০৮